000 00670nam a2200193 4500
999 _c171953
_d171953
005 20201117104437.0
010 _aENG-127537
020 _c3000.00
_a9788193829110
035 _aEN-111069
037 _bDBAD/PUB
082 _a954.014
100 _aHardaker, Terry
245 _aPunchmarked coinage of the Indian Subcontinent :
_bnon-imperial series North of the Deccan/
_cby Pooja
260 _aMumbai
_bIirns Publications llp.
_c2019
270 _aPrincipal office:507,Raheja centre,214,Nariman Point,
_bMumbai
_e400021
300 _axi;296p.
_c28cm(hb)
500 _aincludes bibliographical references index
942 _2ddc
_cEN
_h737.4934
_mHAR